The life of Buddha according to the legends of ancient India
Na minha lista:
| Autor principal: | |
|---|---|
| Formato: | Livro |
| Idioma: | Undetermined |
| Publicado em: |
Tokyo
C. E. Tuttle Co.,
1954
|
| Assuntos: | |
| Tags: |
Adicionar Tag
Sem tags, seja o primeiro a adicionar uma tag!
|
| Thư viện lưu trữ: | Trung tâm Học liệu Trường Đại học Cần Thơ |
|---|
| LEADER | 00583nam a2200193Ia 4500 | ||
|---|---|---|---|
| 001 | CTU_90435 | ||
| 008 | 210402s9999 xx 000 0 und d | ||
| 082 | |a 294.3 | ||
| 082 | |b H561 | ||
| 100 | |a A. Ferdinand Herold | ||
| 245 | 4 | |a The life of Buddha | |
| 245 | 0 | |b according to the legends of ancient India | |
| 245 | 0 | |c Translated from the French by Paul C. Blum. Decorations by MacHarshberger. | |
| 260 | |a Tokyo | ||
| 260 | |b C. E. Tuttle Co., | ||
| 260 | |c 1954 | ||
| 650 | |a buddha and buddhism. | ||
| 904 | |i Năm | ||
| 980 | |a Trung tâm Học liệu Trường Đại học Cần Thơ | ||